| 000 | 00686nam a2200193 u 4500 | ||
|---|---|---|---|
| 001 | 000239339 | ||
| 003 | AM-YeHGA | ||
| 005 | 20250618071616.0 | ||
| 008 | 030624s1994 ai r 000 0 arm d | ||
| 020 | _a5807704258 | ||
| 040 | _aAM-YeHGA | ||
| 100 | 1 |
_aԻսաբեկյան, Էդուարդ Հմայակի, _d1914-2007 _91466 |
|
| 245 | 1 | 0 |
_aԻգդիր : _bՎեպ / _cԷդ. Իսաբեկյան; Խմբ.՝ Ջ.Մ. Ղազարյան. |
| 260 |
_aԵրևան : _bԱրևիկ, _c1994. |
||
| 300 |
_a280 էջ : _bնկ. ; _c22 սմ. |
||
| 650 | 1 | 4 |
_aՀայ գրականություն _xՎեպ |
| 700 | 1 |
_aՂազարյան, Ջուլիետա Միհրանի, _d1934- _eխմբ. _4edt _91876 |
|
| 090 | _c86007 | ||
| 999 |
_c84729 _d84729 |
||